Economía del bienestar / (Record no. 177461)

MARC details
000 -LEADER
campo de control de longitud fija 00779nam a22002295i 4500
001 - NÚMERO DE CONTROL
campo de control 177461
003 - IDENTIFICADOR DE NÚMERO DE CONTROL
campo de control ES-MaACL
005 - FECHA Y HORA DE LA ÚLTIMA TRANSACCIÓN
campo de control 20250824212334.0
008 - DATOS DE LONGITUD FIJA--INFORMACIÓN GENERAL
campo de control de longitud fija 110324s1969 sp |||| | spa d
080 ## - NÚMERO DE LA CLASIFICACIÓN DECIMAL UNIVERSAL
Número de la Clasificación Decimal Universal 330.831.4
100 1# - ENTRADA PRINCIPAL--NOMBRE DE PERSONA
Nombre de persona Mishan, E. J.
9 (RLIN) 145868
245 10 - MENCIÓN DEL TÍTULO
Título Economía del bienestar /
Mención de responsabilidad, etc. E. J. Mishan ; [versión española realizada por José Ramón Álvarez Rendueles].
260 ## - PUBLICACIÓN, DISTRIBUCIÓN, ETC.
Lugar de publicación, distribución, etc. Madrid [etc.] :
Nombre del editor, distribuidor, etc. Rialp,
Fecha de publicación, distribución, etc. imp. 1969.
300 ## - DESCRIPCIÓN FÍSICA
Extensión 255 p. ;
Dimensiones 24 cm.
490 1# - MENCIÓN DE SERIE
Mención de serie Libros de economía ;
Designación de volumen o secuencia 11
504 ## - NOTA DE BIBLIOGRAFÍA, ETC.
Nota de bibliografía, etc. Bibliografía: p. 245-255.
650 04 - PUNTO DE ACCESO ADICIONAL DE MATERIA--TÉRMINO DE MATERIA
Término de materia o nombre geográfico como elemento de entrada Bienestar social.
9 (RLIN) 10559
700 0# - ENTRADA AGREGADA--NOMBRE PERSONAL
Nombre de persona Alvarez Rendueles, José Ramón.
9 (RLIN) 20929
830 00 - PUNTO DE ACCESO ADICIONAL DE SERIE-TÍTULO UNIFORME
Título uniforme Libros de economía (Rialp)
Designación de volumen o secuencia 11
9 (RLIN) 186981
852 ## - LOCALIZACIÓN
Ubicación ES-MaACL
Número de control de estantería E-14721
Encuadernación Olim P-527-bis
Holdings
Estatus retirado Estado de pérdida Estado de daño No para préstamo Biblioteca de origen Biblioteca actual Ubicación en estantería Fecha de adquisición Fuente de adquisición Total de préstamos Signatura topográfica completa Código de barras Visto por última vez Precio de reemplazo Tipo de ítem Koha
        Biblioteca del Ateneo de Madrid Biblioteca del Ateneo de Madrid Depósito 2 24/03/2011     E-14721 1186386 23/02/2023 23/02/2023 Libro impreso